000 005310000a22001690004500
003 MACL
005 20160315160413.0
008 160315b xxu||||| |||| 00| 0 eng d
040 _aMACL
_cMACL
041 _aHindi
082 _a920
100 _aजो कॉ कुमारप्‍पा
_946223
245 _aगांधी अर्थ विचार
260 _bअखिल भारत सर्व सेवा संघ प्रकाशन
_aकाशी
650 _aBiography
_946224
942 _cHIN
_k920
_2ddc
999 _c25115
_d25115